|
|
|
|
| LEADER |
00000naa2a2200000 4500 |
| 001 |
625957 |
| 005 |
20231101133404.0 |
| 035 |
|
|
|a (RuTPU)RU\TPU\conf\25234
|
| 035 |
|
|
|a RU\TPU\conf\25233
|
| 090 |
|
|
|a 625957
|
| 100 |
|
|
|a 20180112d2017 k y0rusy50 ba
|
| 101 |
0 |
|
|a eng
|
| 102 |
|
|
|a RU
|
| 105 |
|
|
|a y z 101zy
|
| 135 |
|
|
|a drcn ---uucaa
|
| 181 |
|
0 |
|a i
|
| 182 |
|
0 |
|a b
|
| 200 |
1 |
|
|a Slm technology problems for metal-matrix composite fabrication
|f G. A. Pribytkov, M. G. Krinitsyn
|
| 203 |
|
|
|a Текст
|c электронный
|
| 230 |
|
|
|a 1 компьютерный файл (pdf; 108 Kb)
|
| 300 |
|
|
|a Заглавие с титульного экрана
|
| 463 |
|
1 |
|0 (RuTPU)RU\TPU\conf\25207
|t Междисциплинарные проблемы аддитивных технологий
|o сборник тезисов III Всероссийского научного семинара с международным участием, 4-6 декабря 2017, Томск
|f Национальный исследовательский Томский политехнический университет (ТПУ) ; под ред. А. Г. Князевой
|v [С. 52]
|d 2017
|
| 610 |
1 |
|
|a электронные ресурсы
|
| 610 |
1 |
|
|a труды учёных ТПУ
|
| 610 |
1 |
|
|a карбиды
|
| 610 |
1 |
|
|a металлы
|
| 610 |
1 |
|
|a сплавы
|
| 610 |
1 |
|
|a металлические матрицы
|
| 610 |
1 |
|
|a износостойкие покрытия
|
| 700 |
|
1 |
|a Pribytkov
|b G. A.
|
| 701 |
|
1 |
|a Krinitsyn
|b M. G.
|c specialist in the field of mechanical engineering
|c engineer of Tomsk Polytechnic University
|f 1992-
|g Maksim Germanovich
|2 stltpush
|3 (RuTPU)RU\TPU\pers\37439
|
| 712 |
0 |
2 |
|a Национальный исследовательский Томский политехнический университет (ТПУ)
|b Институт физики высоких технологий (ИФВТ)
|b Кафедра материаловедения и технологии металлов (МТМ)
|b Научно-образовательный центр "Современные производственные технологии" (НОЦ СПТ)
|h 7774
|2 stltpush
|3 (RuTPU)RU\TPU\col\22917
|
| 801 |
|
2 |
|a RU
|b 63413507
|c 20180115
|g RCR
|
| 856 |
4 |
|
|u http://earchive.tpu.ru/handle/11683/45843
|
| 942 |
|
|
|c BK
|